| 000 | 00599nam a22001937a 4500 | ||
|---|---|---|---|
| 003 | LK-CoMWRAF | ||
| 005 | 20231109115517.0 | ||
| 008 | 231109b1910 |||||||| |||| 00| 0 eng d | ||
| 040 |
_aLK-CoMWRAF _dLK-CoMWRAF _eLK-CoMWRAF |
||
| 041 | _aeng | ||
| 082 |
_a398.2 _bPAR |
||
| 100 | _aParker, H | ||
| 245 |
_aVillage folk-tales of Ceylon: _bVolume two |
||
| 260 |
_aDehiwala: _bTisara Prakasakayo, _c1910 |
||
| 300 |
_aiv., 427 p. _bindex included |
||
| 650 | _aFOLKLORE- Sri Lanka | ||
| 856 | _uhttps://www.defence.lk/upload/ebooks/Village%20Folk%20Tales%20of%20Ceylon%20Vol%20ii.pdf | ||
| 942 | _cBK | ||
| 999 |
_c4066 _d4066 |
||